Alle kreisfreie Städte in Deutschland - Statistiken

Allgemein
  • Dieses Quiz wurde 99 mal gespielt
    60 seit der letzten Aktualisierung
  • Das Durchschnittsergebnis liegt bei 76 aus 106
Antwortstatistiken
Einwohner Bundesland Stadt bzw. Stadtkreis % Korrekt
3.755.251 Berlin
97%
1.853.207 Hamburg
97%
569.396 Bremen
95%
629.047 Nordrhein-Westfalen Düsseldorf
95%
214.969 Thüringen Erfurt
95%
1.084.831 Nordrhein-Westfalen Köln
95%
1.512.491 Bayern München
95%
523.026 Bayern Nürnberg
95%
632.865 Baden-Württemberg Stuttgart
95%
563.311 Sachsen Dresden
92%
502.211 Nordrhein-Westfalen Duisburg
92%
773.068 Hessen Frankfurt am Main
92%
247.717 Schleswig-Holstein Kiel
92%
593.317 Nordrhein-Westfalen Dortmund
90%
584.580 Nordrhein-Westfalen Essen
90%
308.707 Baden-Württemberg Karlsruhe
90%
616.093 Sachsen Leipzig
90%
239.364 Sachsen-Anhalt Magdeburg
87%
315.554 Baden-Württemberg Mannheim
87%
301.033 Bayern Augsburg
85%
365.742 Nordrhein-Westfalen Bochum
85%
336.465 Nordrhein-Westfalen Bonn
85%
204.202 Hessen Kassel
85%
220.552 Rheinland-Pfalz Mainz
85%
185.750 Brandenburg Potsdam
85%
209.920 Mecklenburg-Vorpommern Rostock
85%
283.083 Hessen Wiesbaden
85%
248.563 Sachsen Chemnitz
82%
236.140 Baden-Württemberg Freiburg im Breisgau
82%
242.083 Sachsen-Anhalt Halle (Saale)
82%
320.946 Nordrhein-Westfalen Münster
82%
131.433 Bayern Fürth
79%
263.000 Nordrhein-Westfalen Gelsenkirchen
79%
111.191 Thüringen Jena
79%
165.748 Nordrhein-Westfalen Leverkusen
79%
268.465 Nordrhein-Westfalen Mönchengladbach
79%
157.443 Bayern Regensburg
79%
98.596 Mecklenburg-Vorpommern Schwerin
79%
128.928 Baden-Württemberg Ulm
79%
127.810 Bayern Würzburg
79%
16.562 Bayern Erlangen
77%
189.783 Nordrhein-Westfalen Hagen
77%
180.849 Nordrhein-Westfalen Hamm
77%
141.029 Bayern Ingolstadt
77%
134.170 Hessen Offenbach am Main
77%
172.830 Niedersachsen Oldenburg
77%
112.195 Rheinland-Pfalz Trier
77%
251.084 Niedersachsen Braunschweig
74%
92.550 Schleswig-Holstein Flensburg
74%
93.634 Thüringen Gera
74%
162.273 Baden-Württemberg Heidelberg
74%
218.095 Schleswig-Holstein Lübeck
74%
210.824 Nordrhein-Westfalen Oberhausen
74%
167.366 Niedersachsen Osnabrück
74%
125.961 Niedersachsen Wolfsburg
74%
72.444 Bayern Aschaffenburg
72%
338.332 Nordrhein-Westfalen Bielefeld
72%
115.468 Bremen Bremerhaven
72%
99.515 Brandenburg Cottbus
72%
162.243 Hessen Darmstadt
72%
101.228 Rheinland-Pfalz Kaiserslautern
72%
174.265 Rheinland-Pfalz Ludwigshafen am Rhein
72%
127.849 Baden-Württemberg Pforzheim
72%
358.876 Nordrhein-Westfalen Wuppertal
72%
73.609 Brandenburg Brandenburg an der Havel
69%
128.334 Baden-Württemberg Heilbronn
69%
115.268 Rheinland-Pfalz Koblenz
69%
160.643 Nordrhein-Westfalen Solingen
69%
118.113 Nordrhein-Westfalen Bottrop
67%
46.656 Bayern Hof (Saale)
67%
112.613 Nordrhein-Westfalen Remscheid
67%
65.620 Thüringen Weimar
67%
79.935 Bayern Bamberg
64%
157.368 Nordrhein-Westfalen Herne
64%
228.426 Nordrhein-Westfalen Krefeld
64%
53.907 Bayern Passau
64%
84.646 Rheinland-Pfalz Worms
64%
74.506 Bayern Bayreuth
62%
79.502 Schleswig-Holstein Neumünster
62%
104.548 Niedersachsen Salzgitter
62%
51.368 Rheinland-Pfalz Speyer
62%
76.089 Niedersachsen Wilhelmshaven
62%
57.025 Baden-Württemberg Baden-Baden
59%
50.535 Niedersachsen Emden
59%
172.404 Nordrhein-Westfalen Mülheim an der Ruhr
59%
64.403 Bayern Rosenheim
59%
54.675 Bayern Schweinfurt
59%
42.534 Bayern Amberg
54%
42.221 Bayern Ansbach
54%
41.842 Bayern Coburg
54%
78.385 Niedersachsen Delmenhorst
54%
58.230 Brandenburg Frankfurt (Oder)
54%
70.056 Bayern Kempten (Allgäu)
54%
79.655 Sachsen-Anhalt Dessau-Roßlau
51%
75.457 Bayern Landshut
51%
45.857 Bayern Memmingen
51%
34.534 Rheinland-Pfalz Zweibrücken
49%
37.009 Thüringen Suhl
46%
40.682 Rheinland-Pfalz Pirmasens
44%
41.227 Bayern Schwabach
38%
49.164 Bayern Straubing
38%
45.792 Bayern Kaufbeuren
36%
43.052 Bayern Weiden in der Oberpfalz
36%
49.051 Rheinland-Pfalz Frankenthal (Pfalz)
31%
47.610 Rheinland-Pfalz Landau in der Pfalz
26%
53.981 Rheinland-Pfalz Neustadt an der Weinstraße
23%
Keine übereinstimmenden Quizze gefunden
Verteilung der Resultate
Anzahl Personen mit jedem Resultat
Perzentil nach korrekt beantworteten Fragen
Ihre Resultats-Entwicklung
Sie haben dieses Quiz seit der letzten Aktualisierung nicht gespielt